000 00448nam a2200133Ia 4500
008 220204s9999 xx 000 0 und d
082 _a595.42:575
_bSCH
100 _aSCHULTEN, G G M
245 0 _aGenetics of organophosphate resistance in the two spotted spider mite.
260 _aAmsterdam
_bKuniniklijk Institut
_c1968
490 _aCommunication of the department of agricultural research; 57.
650 _aSpider mites genetics
942 _cBK
999 _c22250
_d22250